MDQL
is popping MORE tags! Check the
thread
!
Quizzes
Events
Quiz Creation
Community
Videos
Private Events
Remove Ads
Sign In
Join for FREE
Feedback
Dark Mode
Quiz Categories
Sports
Geography
Music
Movies
Television
Just For Fun
Miscellaneous
History
Literature
Language
Science
Gaming
Entertainment
Religion
Holiday
For Kids
Quiz Lab
Recent
Popular Today
Quiz Kudos Today
Editor Picks
Curator Picks
Quizzes by...
Day
Popularity
Type
Ratings
Length
Year
Community
Subscriptions
Recent Discussions
Orange Saloon
Badges
Playlists
Quests
Create
Leaderboards
Showdown
Live 5
Trivia Bingo
Activity
Puzzle Library
Sporcle Events
Private Events
Virtual Trivia
Globe League
Become a Host
Pub Owners
SporcleCon
Opinionation
Our Games
Videos
Blog
Mobile Apps
Partnerships
Remove Ads and Go Orange
Feedback
Just For Fun
Clickable
Get the Picture
Humor
Quick Pick
Word Ladder
Missing Word
Mixed Word
Blitz
Minefield
This or That
Alphabet
Color
Typing
Sporcle
Puzzle
Word Play
Follow That Line
Logic
Just For Fun
Clickable
Get the Picture
Humor
Quick Pick
Word Ladder
Missing Word
Mixed Word
Blitz
Minefield
This or That
Alphabet
Color
Typing
Sporcle
Puzzle
Word Play
Follow That Line
Logic
Random Quiz
Search Sporcle
×
Quiz Lab
Quiz Lab
Just For Fun
Type in answers that appear in a list
Type in answers that appear in a list
Classic
Best Score? Go Orange.
Its Question Time! Stats
Can you name the random answers in under 1 minute?
By
sasarara
60s
15 Questions
39 Plays
39 Plays
39 Plays
Comments
Comments
Give Quiz Kudos
Give Quiz Kudos
-
- Ratings
hide this ad
More Info
Replay
Link that replays current quiz
Next Quiz
Link to next quiz in quiz playlist
You Got
0%
They Got
Avg Score
43%
Avg Friend Score
Upgrade to see
Score Distribution
Jump to the score distribution portion of the page
Score
0/15
Timer
01:00
0
Plays Today
Question
Answer
% Correct
What does B.C. stand for when referring to years?
Before Christ
100%
Do you like this quiz?
yes
94.9%
Does England have a Fourth of July?
Yes
92.3%
What is the social website where Tweety bird might go?
Twitter
69.2%
Who is Mario's brother in Super Mario Bros?
Luigi
64.1%
True or False: Jennifer Garner starred in 'The Invention of Lying'
True
61.5%
Who is the star of the movie 'RV'?`
Robin Williams
43.6%
What is spanish for 'to leave'?
salir
25.6%
Question
Answer
% Correct
How can you rearrange the words in 'new door' to make one word?
one word
20.5%
What is French for sword?
une epee
20.5%
What service did Comcast just introduce?
Xfinity
12.8%
What song was Ke$ha's first singing debut?
Right Round
12.8%
In what year did the Roman Empire Fall?
500 A.D.
10.3%
In the TV show Degrassi, what is Sav and Anya's last name?
Bandari
10.3%
What is Irish for hello?
Dia dhuit
10.3%
Quiz Playlist
Details
Report
Send in Message
Add To Playlist
More Info:
Name the answer to as many of these questions in under 1 minute!
Classic:
Type in answers that appear in a list
Last Updated: Feb 16, 2017
Quiz Scoreboard
CHALLENGE
Sign Up to Join the Scoreboard
Show All
Scores
Hide
Comments
May contain spoilers
Recently Published
Colored Red Africa Blitz
by spor1
Geography
30s
Find the 'City' Movie
by crazypaving
Movies
60s
5x2 Blitz: Bands
by SL_Kpop136
Music
30s
More to Explore
Quiz From the Vault
Featured Blog Post
14 Easter Pick-up Lines to Find Eggs With
hide this ad
You Might Also Like...
Tags
This quiz does not have any tags.
Today's Top Quizzes in Just For Fun
Browse Just For Fun
hide this ad
Top Contributed Quizzes in Just For Fun
1
Name Just One - 10 to 1: Just For Fun
2
Missing Word: 2-Letter A-Z II
3
Survivor Winners Logic Puzzle
4
Avatar the Last Airbender: Logic Puzzle
5
Quick 5-Color Logic (18)
6
Shadowhunters Protagonists Logic Quiz
7
Medium Renzoku Puzzle 11
8
Killer Double Trees 224 - Colour Match-Up
9
Missing Word: 'Of' Things A-Z
10
Ultimate Minefield Blitz VIII
Explore More
Trending Topics
Harry Potter
Disney
Kpop
Marvel
NBA
Anime
Crossword
Country
WWE
Puzzle
NFL
Soccer
Song
Pokémon
The Office
hide this ad
More By:
sasarara
Quiz
Plays
Rating
Category
Featured
Created
Twilight and New Moon Quiz
2,793
2.14
Literature
Dec 23, 2010
Name the Shakira Song
794
5.00
Music
Dec 24, 2010
Spanish Imperfects
792
5.00
Language
Dec 24, 2010
ALL ABOUT IRELAND
720
3.50
Geography
Dec 25, 2010
NO HINT LYRICS
566
3.25
Miscellaneous
Dec 24, 2010
Go to Creator's Profile
Score Distribution
Quiz Creator Spotlight
sasarara
Follow
Send a Message
Quizzes Created
-
Created Quiz Play Count
-
More By This Creator
Popular Quizzes Today
1
Colored Red Africa Blitz
2
Find the 'City' Movie
3
Find the US States - No Outlines Minefield
4
5x2 Blitz: Bands
5
The Countries of the World
6
Find the US States
7
US States
8
9x9 Crossword: Cartoon Network
More Just For Fun Quizzes
Word Ladder: Royal Charter of Rights
Quiz Lab
Trending Quizzes
Colored Red Europe Blitz I
Colored Red Europe Blitz II
Colored Red Africa Blitz II
Colored Red Africa Blitz III
Colored Red Europe Blitz III
Recently Updated
Grab Bag: 4-10 Letters
pecheneg
2024 March Madness Bracket
pecheneg
Famous TV Couples
Peacemaker
Champions League XIs: Real Madrid
pecheneg
Largest US Cities 1790-2010
pecheneg
Rides in Walt Disney World
pecheneg
Most Oscar Losses (Acting)
pecheneg
Beyoncé Albums
pecheneg
Leaping Animals
pecheneg
Reality TV Shows (A-Z)
bhenderson79
Trending Topics
Disney
Kpop
Marvel
Crossword
Harry Potter
NBA
Anime
WWE
Song
Puzzle
Pokémon
Soccer
NFL
The Office
Country
Your Account Isn't Verified!
In order to create a playlist on Sporcle, you need to verify the email address you used during registration. Go to your
Sporcle Settings
to finish the process.
Report this User
Report this user for behavior that violates our
Community Guidelines
.
Details:
Send Report
Go to the Sporcle.com Mobile Site →
Comments